000 00897nam a2200313Ia 4500
001 dia_3538
003 CHAP
005 20251027154301.0
008 220117s1982 xx 000 0 und d
010 _a173997
020 _a968-26-0324-2
040 _cCHAP
082 _a530 H35 1982
100 _aHalliday, David
_952366
245 _aFísica /
_c David Halliday y Robert Resnick ; traducción: Raúl Gómez González
260 _aMéxico :
_b Continental,
_c1982
300 _av. 2
500 _aLa biblioteca tiene el v. 2
503 _aC/e
590 _aQC21 H35 1982
650 _aFísica
_941975
650 _aPhysics
_9154866
700 _aGómez González, Raúl, tr.
_9154867
700 _aResnick, Robert, coaut.
_9154868
901 _a530 H35 1982
902 _aM
905 _a5232271982 mx amn 8222223322spa16
942 _cLIBRO
_2ddc
999 _c173997
_d173997